000
00325 a2200121 4500
000
nam a22 7a 4500
005
20260207154034.0
020
_a
9789392989513
100
_a
Ratnakar Mishr
_9
1114384
245
_a
Sampurndevpujanpaddti arthat Archnrehesya
260
_b
Shrikashi Vishvnath Sansthan
_c
2025
942
_c
TEXL
999
_c
1678928
_d
1678928